00000000nam 2200000zi 4500
0019.950415
003CaOODSP
00520250822125152
006m     o  d f      
007cr bn|||||||||
008250424t20252025onc     oz   f000 0 eng d
020 |a9780660770222
040 |aCaOODSP|beng|erda|cCaOODSP
0410 |aeng|afre
043 |an-cn---|ae-un---
0861 |aFR4-2024/16-PDF
1300 |aCanada-Ukraine Free Trade Agreement |d(2023 September 22)
24510|aUkraine / Trade - Canada-Ukraine Free Trade Agreement = |bUkraine / Commerce - Accord de Libre-Échange Canada-Ukraine.
24611|aUkraine / Commerce - Accord de Libre-Échange Canada-Ukraine
264 1|a[Ottawa] : |bTreaty Law Division of the Department of Foreign Affairs, Trade and Development = Direction du droit des traités du Ministère des affaires étrangères, du commerce et du développement, |c[2025]
264 4|c©2025
300 |a1 online resource (506, 506 pages).
336 |atext|btxt|2rdacontent
337 |acomputer|bc|2rdamedia
338 |aonline resource|bcr|2rdacarrier
4901 |aTreaty series = |aRecueil des traités ; |v2024/16
500 |a"Done at Ottawa on 22 September 2023. In Force on 1 July 2024."
500 |aAlternate pages have duplicate numbering.
546 |aText in English and French.
650 0|aFree trade|zCanada.
650 0|aFree trade|zUkraine.
650 0|aTariff|xLaw and legislation|zCanada.
650 0|aTariff|xLaw and legislation|zUkraine.
650 0|aForeign trade regulation|zCanada.
650 0|aForeign trade regulation|zUkraine.
651 0|aCanada|xForeign relations|vTreaties.
651 0|aUkraine|xForeign relations|vTreaties.
655 7|aTreaties|2lcgft
7101 |aCanada. |bGlobal Affairs Canada. |bTreaty Law Division, |eissuing body.
7101 |aCanada, |eparticipant in treaty.
7101 |aUkraine, |eparticipant in treaty.
788 |tUkraine / Trade - Canada-Ukraine Free Trade Agreement = |efre|w(CaOODSP)9.950418
830#0|aCanada treaty series ;|v2024/16.|w(CaOODSP)9.811730
85640|qPDF|s5.52 MB|uhttps://publications.gc.ca/collections/collection_2025/amc-gac/FR4-2024-16.pdf